Statistiche per Riconosci la Squadra di calcio - Quiz n°227

Clicka qui per fare il quiz!

Statistiche generali

  • Questo quiz è stato fatto 6 volte
  • Il punteggio medio è 7 su 9

Statistiche sulle risposte

IndizioRisposta% Corretto
Trofei nazionali0
100%
Titoli nazionali4 Bundesliga 2
100%
Colori socialiBianco, azzurro
100%
Capienza Stadio31 328 posti
83%
Divisione nazionale 2023-2024Prima
83%
Trofei internazionali0
67%
ConfederazioneUEFA
67%
Fondazione1911
50%
SquadraBochum
33%

Distribuzione punteggi

Percentile per numero di risposta

Percentuale di utenti per punteggio

I tuoi punteggi nel tempo

Non hai fatto questo quiz